| 000 | 00838nam a2200241 a 4500 | ||
|---|---|---|---|
| 001 | BRCA_4428 | ||
| 005 | 20190320204652.0 | ||
| 008 | 200810s1968----mx-a######---#000-0#spa-# | ||
| 041 | _aspa | ||
| 044 | _amx | ||
| 050 | 4 |
_aN8 _b.A53 6 _c1968 |
|
| 245 | 1 | 0 |
_aAnales del Instituto de Investigaciones Estéticas _cdirectora Clementina Díaz y de Ovando. |
| 260 |
_aMéxico _bUNAM, Instituto de Investigaciones Estéticas _c1968 |
||
| 300 |
_a135 p. _bil. _c23 cm. |
||
| 440 | 0 |
_aAnales del Instituto de Investigaciones Estéticas _v37, vol. X _911241 |
|
| 500 | _aIncluye sumario, informaciones y notas bibliográficas | ||
| 500 | _aVer también AM31, CFG37, CFG58, CFG59, CFG60 Y H30 | ||
| 500 | _aCFG61 | ||
| 650 | 1 | 4 |
_aArte colonial _zMéxico _911242 |
| 700 | 1 |
_aDíaz y de Ovando, Clementina _99893 |
|
| 902 | _aGFM | ||
| 942 |
_2lcc _cB |
||
| 999 |
_c4137 _d4137 |
||